• 首页
  • 本馆介绍
  • 公告通知
  • 最新文献
  • 馆藏检索
  • 电子资源
  • 读者导购
  • 参考咨询
  • 我的图书馆
  • 登录
  • 详细信息显示
  • 放入我的书架
  • 预约/预借图书
  • 作者相关作品
  • 分类相关作品
  • 丛书相关作品
  • 出版社相关作品

书目信息

  • 表格格式
  • 工作单格式
  • 卡片格式
题名:
围城
    
 
作者: 钱钟书 著
分册:  
出版信息: 北京   人民文学出版社  2010
页数: 359页
开本: 20cm
丛书名:
单 册:
中图分类: I246.57
科图分类:
主题词: 长篇小说--中国--现代
电子资源:
ISBN: 978-7-02-002475-9
000 00640nam0 2200241 45
001 1133354437
005 20110223090543.32
010    @a978-7-02-002475-9@dCNY19.00
035    @a(011001)c2000000452
100    @a20110111d2010 em y0chiy0121 ea
101 0  @achi
102    @aCN@b110000
105    @ay z 000ay
106    @ar
200 1  @a围城@Awei cheng@f钱钟书著
205    @a2版
210    @a北京@c人民文学出版社@d2010
215    @a359页@d20cm
606 0  @a长篇小说@y中国@z现代
690    @aI246.57@v4
701  0 @a钱钟书@Aqian zhong shu@4著
801  0 @aCN@bBJTS@c20110223
905    @b207998871-915@h799887-91@dI246.5@e24=2@f5
    
    围城/钱钟书著.-2版.-北京:人民文学出版社,2010
    359页;20cm
    
    
    ISBN 978-7-02-002475-9:CNY19.00
    
●
相关链接 在E读中查询图书 在五车中查询图书 在当当中查询图书 在豆瓣中查询图书


正题名:围城     索取号:I246.5/24=2         预约/预借

序号 登录号 条形码 馆藏地/架位号 状态 备注
1 0284114   002841143   第二借阅区/ [索取号:I246.5/24=2] 在馆    
2 0284115   002841152   第二借阅区/ [索取号:I246.5/24=2] 在馆    
3 0284116   002841161   第二借阅区/ [索取号:I246.5/24=2] 在馆    
4 0284117   002841170   第二借阅区/ [索取号:I246.5/24=2] 在馆    
5 0284118   002841189   第二借阅区/ [索取号:I246.5/24=2] 在馆    
6 0284119   002841198   第二借阅区/ [索取号:I246.5/24=2] 在馆    
7 0284120   002841205   第二借阅区/ [索取号:I246.5/24=2] 已借出,限还日期为2004.10.18
借出人:陆建宇  
 
8 0284121   002841214   第二借阅区/ [索取号:I246.5/24=2] 在馆    
9 0284122   002841223   第二借阅区/ [索取号:I246.5/24=2] 在馆    
10 0284123   002841232   第二借阅区/ [索取号:I246.5/24=2] 在馆    
11 0288724   002887246   第二借阅区/ [索取号:I246.5/24=2] 在馆    
12 0288725   002887255   第二借阅区/ [索取号:I246.5/24=2] 在馆    
13 0288727   002887273   第二借阅区/ [索取号:I246.5/24=2] 在馆    
14 0288728   002887282   第二借阅区/ [索取号:I246.5/24=2] 在馆    
15 0288729   002887291   第二借阅区/ [索取号:I246.5/24=2] 在馆    
16 0288730   002887308   第二借阅区/ [索取号:I246.5/24=2] 在馆    
17 0288731   002887317   第二借阅区/ [索取号:I246.5/24=2] 在馆    
18 0288732   002887326   第一样本阅览室/ [索取号:I246.5/24=2] 在馆    
19 0288733   002887335   第二借阅区/ [索取号:I246.5/24=2] 在馆    
20 799887   207998871   第二借阅区/ [索取号:I246.5/24=2] 在馆    
21 799888   207998880   第二借阅区/ [索取号:I246.5/24=2] 在馆    
22 799889   207998899   第二借阅区/ [索取号:I246.5/24=2] 在馆    
23 799890   207998906   第二借阅区/ [索取号:I246.5/24=2] 在馆    
24 799891   207998915   第二借阅区/ [索取号:I246.5/24=2] 在馆    
唐山师范学院图书馆 欢迎您!
大连网信软件有限公司© 版权所有